000
00338nam a22001457a 4500
008
210303b ||||| |||| 00| 0 eng d
020
_a
9780323094191
041
_a
eng
080
_2
3rd
_a
611
082
_a
611
100
_a
6
101
_a
ANA
245
_a
Sectional Anatomy for Imaging Professionals
_c
Kelley, L.L
942
_2
udc
_c
BK
999
_c
55676
_d
55676